LASA German II Final Exam 2026 Vocab Practice - Statistics

General Stats
  • This quiz has been taken 58 times
    46 since last reset
  • The average score is 21 of 43
Answer Stats
German English % Correct
Auto Car
100%
Wochenende Weekend
100%
Fahrrad Bicycle
86%
Niemand Nobody
86%
Wetter Weather
86%
Fenster Window
86%
Tier Animal
71%
Mitbewohner(in) Roommate
71%
Skulpturen Sculptures
71%
Statuen Statues
71%
besuchen to visit
71%
Exponate Exhibits
57%
Geschichte History
57%
normalerweise normally
57%
Zahl Number/Amount
57%
Preise Prices
57%
Kühlschrank Refrigerator
57%
darum therefore
57%
Straßenbahn Tram
57%
Student College Student
43%
Designergeschafte Designer Stores
43%
Vielfalt Diversity
43%
Bauernhof Farm
43%
Geldmangel Lack of Money
43%
Wahrzeichen Landmark
43%
Museen Museums
43%
Gemälde Paintings
43%
verderben to spoil
43%
aufräumen to tidy up
43%
damit with it
43%
aufnehmbar absorbable
29%
jeder anyone
29%
hohen high
29%
sonst otherwise
29%
Flaniermeile Promenade
29%
gerochen smelled
29%
angefangen started/begun
29%
verstehen to understand
29%
kaum hardly
14%
besonders particularly
14%
Sportplatz Sport Field
14%
suchen to look for
14%
aufteilen to divide up
0%
No matching quizzes found
Score Distribution
Percent of People with Each Score
Percentile by Number Answered
Your Score History
You have not taken this quiz since the last reset